<?xml version="1.0" encoding="UTF-8"?>
<record
    xmlns:xsi="http://www.w3.org/2001/XMLSchema-instance"
    xsi:schemaLocation="http://www.loc.gov/MARC21/slim http://www.loc.gov/standards/marcxml/schema/MARC21slim.xsd"
    xmlns="http://www.loc.gov/MARC21/slim">

  <leader>02282nam a2200373 a 4500</leader>
  <controlfield tag="003">CHAP</controlfield>
  <controlfield tag="005">20230413180716.0</controlfield>
  <controlfield tag="007">ta</controlfield>
  <controlfield tag="008">230413s2017    sp a|||gr|||| 001 f spa d</controlfield>
  <datafield tag="020" ind1=" " ind2=" ">
    <subfield code="a">978-84-9838-827-5</subfield>
  </datafield>
  <datafield tag="040" ind1=" " ind2=" ">
    <subfield code="a">mxchpua</subfield>
    <subfield code="c">CHAP</subfield>
    <subfield code="e">rda</subfield>
  </datafield>
  <datafield tag="050" ind1="1" ind2="0">
    <subfield code="a">PR6068.O93 </subfield>
    <subfield code="b">.H37418 2017</subfield>
  </datafield>
  <datafield tag="082" ind1="0" ind2="0">
    <subfield code="a">808.8308766 </subfield>
    <subfield code="b">R69 2017</subfield>
    <subfield code="2">20</subfield>
  </datafield>
  <datafield tag="100" ind1="1" ind2=" ">
    <subfield code="9">186681</subfield>
    <subfield code="a">Rowling, J. K.</subfield>
    <subfield code="e">autora</subfield>
  </datafield>
  <datafield tag="240" ind1="1" ind2=" ">
    <subfield code="a">Harry Potter and the prisoner of Azkaban.</subfield>
    <subfield code="l">Espa&#xF1;ol</subfield>
  </datafield>
  <datafield tag="245" ind1="1" ind2="0">
    <subfield code="a">Harry Potter y el prisionero de Azkaban /</subfield>
    <subfield code="c">J. K. Rowling ; traductor Adolfo Mu&#xF1;oz Garc&#xED;a y Nieves Mart&#xED;n Azofra ; ilustrador Jim Kay </subfield>
  </datafield>
  <datafield tag="250" ind1=" " ind2=" ">
    <subfield code="a">1a edici&#xF3;n</subfield>
  </datafield>
  <datafield tag="264" ind1=" " ind2=" ">
    <subfield code="a">Espa&#xF1;a :</subfield>
    <subfield code="b">Salamandra,</subfield>
    <subfield code="c">2017</subfield>
  </datafield>
  <datafield tag="300" ind1=" " ind2=" ">
    <subfield code="a">326 p&#xE1;ginas :</subfield>
    <subfield code="b">ilustraciones</subfield>
  </datafield>
  <datafield tag="336" ind1=" " ind2=" ">
    <subfield code="2">rdacontent</subfield>
    <subfield code="a">texto</subfield>
    <subfield code="b">txt</subfield>
  </datafield>
  <datafield tag="337" ind1=" " ind2=" ">
    <subfield code="2">rdamedia</subfield>
    <subfield code="a">sin medio</subfield>
    <subfield code="b">n</subfield>
  </datafield>
  <datafield tag="338" ind1=" " ind2=" ">
    <subfield code="2">rdacarrier</subfield>
    <subfield code="a">volumen</subfield>
    <subfield code="b">nc</subfield>
  </datafield>
  <datafield tag="520" ind1="2" ind2=" ">
    <subfield code="a">Tras un percance m&#xE1;gico de proporciones gigantescas, Harry Potter huye de la casa de los Dursley y de Little Whinging en el autob&#xFA;s noct&#xE1;mbulo y supone que se enfrentar&#xE1; a duras represalias. Pero el ministro de Magia tiene otros problemas m&#xE1;s acuciantes Sirius Black, el infame prisionero y fiel seguidor de Lord Voldemort, se ha fugado de la prisi&#xF3;n de Azkaban. Dicen que est&#xE1; buscando a Harry, y el ministro de Magia ha enviado a los dementores de Azkaban, esos seres que absorben el alma con su beso, a vigilar los terrenos del colegio. En su tercer curso en Hogwarts, Harry se ve acosado por rumores terribles y amenazas de muerte, descubre nuevos datos sobre su pasado y se enfrenta cara a cara a uno de los vasallos m&#xE1;s fervientes del Se&#xF1;or Tenebroso... La edici&#xF3;n ilustrada del tercer libro de la saga escrita por J.K. Rowling, tan esperada, est&#xE1; repleta de momentos m&#xE1;gicos creados mediante pinceles, l&#xE1;pices y pixeles por Jim Kay, ganador de la medalla Kate Greenaway.</subfield>
  </datafield>
  <datafield tag="650" ind1="1" ind2="3">
    <subfield code="9">145013</subfield>
    <subfield code="a">Literatura inglesa </subfield>
    <subfield code="y">Siglo XX</subfield>
  </datafield>
  <datafield tag="650" ind1="1" ind2="7">
    <subfield code="9">82011</subfield>
    <subfield code="a">Novela</subfield>
  </datafield>
  <datafield tag="650" ind1="1" ind2="3">
    <subfield code="9">161190</subfield>
    <subfield code="a">Magia</subfield>
    <subfield code="x">Ficci&#xF3;n  </subfield>
  </datafield>
  <datafield tag="650" ind1="1" ind2="3">
    <subfield code="9">160246</subfield>
    <subfield code="a">Fantasy fiction  </subfield>
  </datafield>
  <datafield tag="650" ind1="1" ind2="3">
    <subfield code="9">152750</subfield>
    <subfield code="a">English literature</subfield>
    <subfield code="x">  </subfield>
    <subfield code="y">20th century</subfield>
  </datafield>
  <datafield tag="650" ind1="1" ind2="3">
    <subfield code="9">186685</subfield>
    <subfield code="a">Magic</subfield>
    <subfield code="x">Fiction</subfield>
  </datafield>
  <datafield tag="700" ind1=" " ind2=" ">
    <subfield code="9">186682</subfield>
    <subfield code="a">Kay, Jim</subfield>
    <subfield code="e">ilustrador</subfield>
  </datafield>
  <datafield tag="700" ind1="1" ind2=" ">
    <subfield code="9">186683</subfield>
    <subfield code="a">Mu&#xF1;oz Garc&#xED;a, Adolfo</subfield>
    <subfield code="e">traductor</subfield>
  </datafield>
  <datafield tag="700" ind1="1" ind2=" ">
    <subfield code="9">186684</subfield>
    <subfield code="a">Mart&#xED;n Azofra, Nieves</subfield>
  </datafield>
  <datafield tag="942" ind1=" " ind2=" ">
    <subfield code="2">ddc</subfield>
    <subfield code="c">Libro</subfield>
  </datafield>
  <datafield tag="999" ind1=" " ind2=" ">
    <subfield code="c">218604</subfield>
    <subfield code="d">218604</subfield>
  </datafield>
  <datafield tag="952" ind1=" " ind2=" ">
    <subfield code="0">0</subfield>
    <subfield code="1">0</subfield>
    <subfield code="2">ddc</subfield>
    <subfield code="4">0</subfield>
    <subfield code="5">2</subfield>
    <subfield code="7">0</subfield>
    <subfield code="8">LIT</subfield>
    <subfield code="a">IA_</subfield>
    <subfield code="b">IA_</subfield>
    <subfield code="d">2021-12-09</subfield>
    <subfield code="e">Compra Librer&#xED;a UACh F. 39630</subfield>
    <subfield code="i">Consumo</subfield>
    <subfield code="l">1</subfield>
    <subfield code="o">808.8308766  R69 2017</subfield>
    <subfield code="p">1108014632</subfield>
    <subfield code="q">2023-04-28</subfield>
    <subfield code="r">2023-04-14 00:00:00</subfield>
    <subfield code="s">2023-04-14</subfield>
    <subfield code="t">Ej. 1</subfield>
    <subfield code="w">2023-04-13</subfield>
    <subfield code="y">LIBRO</subfield>
  </datafield>
</record>
